Stavebno-technologický projekt na stavbu: OBYTNÝ SÚBOR SEVER I.etapa Žiar nad Hronom

Enregistré dans:
Détails bibliographiques
Auteur principal: Ostrolucký, Michal (Auteur)
Autres auteurs: Gašparík, Jozef (Directeur de thèse)
Format: Manuscrit Livre
Langue:slovaque
Publié: 2015
Sujets:
Accès en ligne:http://is.stuba.sk/zp/portal_zp.pl?podrobnosti=109761
https://opac.crzp.sk/?fn=detailBiblioForm&sid=D6D76FDBEB5D0472DD76CAD57304
Tags: Ajouter un tag
Pas de tags, Soyez le premier à ajouter un tag!

MARC

LEADER 00000ntm a22000003a 4500
001 stuzp51874
003 SK-STU
005 20231026101849.0
007 ta
008 150427s2015----xo-----f-mn---000-0-slo-d
040 |a STU  |b slo 
041 0 |a slo 
100 1 |a Ostrolucký, Michal  |u 010270  |4 aut  |U SvF Stavebná fakulta  |T SvF Katedra technológie stavieb  |X 7581  |U V270  |Y 28  |7 A000007581 
242 0 1 |a Buildings technological project for the construction of residential complex north - I.stage, Žiar nad Hronom.  |y eng 
245 1 0 |a Stavebno-technologický projekt na stavbu: OBYTNÝ SÚBOR SEVER I.etapa Žiar nad Hronom 
260 |c 2015 
650 4 |a realizácia  |2 slo 
650 4 |a časový plán výstavby  |2 slo 
650 4 |a projekt zariadenia staveniska  |2 slo 
650 4 |a kvalita  |2 slo 
650 4 |a stavebno-technologický projekt  |2 slo 
650 4 |a construction timetable  |2 eng 
650 4 |a construction-technology project  |2 eng 
650 4 |a project equipment of site  |2 eng 
650 4 |a quality  |2 eng 
650 4 |a realization  |2 eng 
700 1 |a Gašparík, Jozef  |4 ths  |X 2737  |7 A000002737 
856 4 |u http://is.stuba.sk/zp/portal_zp.pl?podrobnosti=109761 
856 4 |u https://opac.crzp.sk/?fn=detailBiblioForm&sid=D6D76FDBEB5D0472DD76CAD57304 
SQL |a stuzp51874  |b DDP  |c SLO  |d Stavebno-technologický projekt na stavbu: OBYTNÝ SÚBOR SEVER I.etapa Žiar nad Hronom  |e 7581  |f Ostrolucký, Michal  |g 010270  |h 2737  |i Gašparík, Jozef  |j 20150618  |k 681  |l 01  |m http://is.stuba.sk/zp/portal_zp.pl?podrobnosti=109761  |n I-TS  |o 5.2.8. stavebníctvo